Ninja Turtles Consonants Quiz Stats

Quiz Updated Feb 13, 2018

Also try: Days Consonants
Challenge
Share
Tweet
Embed
Score 0/10 Timer 00:30
3 Plays Today
% Correct
???
89.6%
???
87.8%
???
86.9%
???
83.3%
???
82.5%
???
76.2%
???
73.9%
???
72.7%
???
63.2%
???
63.2%

You're not logged in!

Compare scores with friends on all Sporcle quizzes.
Sign Up with Email
OR
Log In

You Might Also Like...

Show Comments

Extras

Top Quizzes Today


Score Distribution

Your Account Isn't Verified!

In order to create a playlist on Sporcle, you need to verify the email address you used during registration. Go to your Sporcle Settings to finish the process.

Report this User

Report this user for behavior that violates our Community Guidelines.

Details: